[Event "Steyr Landesliga 1819"]
[Site "Austria"]
[Date "2019.01.26"]
[Round "7.7"]
[White "Kapus, Florian"]
[Black "Marakovits, Nico"]
[Result "0-1"]
[WhiteElo "1944"]
[BlackElo "1670"]
[PlyCount "48"]
[EventDate "2018.10.06"]
[EventType "team-tourn"]
[EventRounds "11"]
[EventCountry "AUT"]
[SourceTitle "CBM 189 Extra"]
[Source "ChessBase"]
[SourceDate "2019.06.03"]
[SourceVersion "1"]
[SourceVersionDate "2019.06.03"]
[SourceQuality "1"]
[WhiteTeam "Gratwein Strassengel"]
[BlackTeam "Fuerstenfeld/Hartberg"]
[WhiteTeamCountry "AUT"]
[BlackTeamCountry "AUT"]

1. d4 Nf6 2. c4 g6 3. Nc3 Bg7 4. e4 d6 5. Be2 0-0 6. Be3 e5 7. d5 Ne8 8. g4 f5 9. gxf5 gxf5 10. exf5 Bxf5 11. Bd3 Qf6 12. Qd2 Na6 13. Nge2 Nb4 14. Be4 a5 15. Rg1 Kh8 16. Bg5 Qf7 17. Rg3 Bxe4 18. Nxe4 Qf5 19. N2c3 Nf6 20. Bxf6 Bxf6 21. a3 Na6 22. Qh6 Nc5 23. Nxc5 dxc5 24. Rd1 Bg5 0-1

[Event "Steyr Landesliga 1819"]
[Site "Austria"]
[Date "2018.11.10"]
[Round "4.7"]
[White "Kristoferitsch, Daniel"]
[Black "Kapus, Florian"]
[Result "0-1"]
[WhiteElo "1941"]
[BlackElo "1944"]
[PlyCount "60"]
[EventDate "2018.10.06"]
[EventType "team-tourn"]
[EventRounds "11"]
[EventCountry "AUT"]
[SourceTitle "CBM 187 Extra"]
[Source "ChessBase"]
[SourceDate "2018.11.04"]
[SourceVersion "1"]
[SourceVersionDate "2018.11.04"]
[SourceQuality "1"]
[WhiteTeam "Graz Schachfreunde"]
[BlackTeam "Gratwein Strassengel"]
[WhiteTeamCountry "AUT"]
[BlackTeamCountry "AUT"]

1. Nf3 g6 2. c4 Bg7 3. Nc3 d6 4. d4 c6 5. e4 Nd7 6. Be2 Qc7 7. 0-0 e5 8. Be3 Ngf6 9. c5 dxc5 10. dxc5 Ng4 11. b4 Nxe3 12. fxe3 0-0 13. Nd2 b6 14. Na4 b5 15. Nc3 Nf6 16. a4 bxa4 17. Rxa4 Rd8 18. Qc2 Ng4 19. Nc4 Be6 20. Nd1 Bh6 21. h3 Rxd1 22. Qxd1 Bxe3+ 23. Kh1 Nf2+ 24. Rxf2 Bxf2 25. Qd6 Qxd6 26. Nxd6 Rb8 27. Ba6 Bb3 28. Ra5 Rxb4 29. Bb7 Ba4 30. Kh2 Rb3 0-1

[Event "Graz op-B"]
[Site "Graz"]
[Date "2015.02.19"]
[Round "8"]
[White "Kapus, Florian"]
[Black "Nesimovic, Kemal"]
[Result "1-0"]
[WhiteElo "1929"]
[BlackElo "1829"]
[PlyCount "85"]
[EventDate "2015.02.13"]
[EventType "swiss"]
[EventRounds "9"]
[EventCountry "AUT"]
[SourceTitle "CBM 165 Extra"]
[Source "ChessBase"]
[SourceDate "2015.04.21"]
[SourceVersion "1"]
[SourceVersionDate "2015.04.21"]
[SourceQuality "1"]

1. d4 d5 2. c4 c6 3. Nf3 Nf6 4. Nc3 e6 5. e3 g6 6. Bd3 Bg7 7. 0-0 0-0 8. Qe2 Nbd7 9. Rd1 Qc7 10. Bd2 Nb6 11. cxd5 exd5 12. Rdc1 Bg4 13. h3 Bxf3 14. Qxf3 Qd7 15. Ne2 Rfe8 16. Ng3 Nc8 17. b4 a6 18. a4 Nd6 19. Rab1 Rac8 20. Qd1 Bh6 21. Qf1 Nfe4 22. Nxe4 Nxe4 23. Bxe4 Rxe4 24. b5 axb5 25. axb5 Ree8 26. bxc6 Rxc6 27. Qb5 Rxc1+ 28. Bxc1 Re7 29. Qb3 Qc6 30. Ba3 Rc7 31. Rc1 Qd7 32. Rxc7 Qxc7 33. Qxd5 Bf8 34. Qb3 Bxa3 35. Qxa3 Qc6 36. Qc5 f5 37. Qxc6 bxc6 38. Kf1 Kf7 39. Ke2 Ke6 40. Kd3 Kd5 41. f3 c5 42. e4+ Kd6 43. d5 1-0

[Event "Graz op-B"]
[Site "Graz"]
[Date "2015.02.17"]
[Round "6"]
[White "Kapus, Florian"]
[Black "Scherr, Johann"]
[Result "1-0"]
[WhiteElo "1929"]
[BlackElo "1830"]
[PlyCount "121"]
[EventDate "2015.02.13"]
[EventType "swiss"]
[EventRounds "9"]
[EventCountry "AUT"]
[SourceTitle "CBM 165 Extra"]
[Source "ChessBase"]
[SourceDate "2015.04.21"]
[SourceVersion "1"]
[SourceVersionDate "2015.04.21"]
[SourceQuality "1"]

1. d4 e6 2. e4 d5 3. exd5 exd5 4. Nf3 Nf6 5. Bg5 Be7 6. Nbd2 0-0 7. Bd3 h6 8. Bf4 c5 9. dxc5 Bxc5 10. 0-0 Nc6 11. Nb3 Bd6 12. Bxd6 Qxd6 13. c3 Bg4 14. h3 Bh5 15. Be2 Rfe8 16. Nbd4 a6 17. Nh4 Bxe2 18. Nxe2 Re4 19. Nf5 Qe5 20. Nfg3 Rh4 21. Qd3 Re8 22. f4 Qc7 23. Nf5 Rxe2 24. Qxe2 Rxf4 25. Rxf4 Qxf4 26. Rf1 Qg5 27. Qe3 Qxe3+ 28. Nxe3 d4 29. cxd4 Nxd4 30. Rd1 Ne2+ 31. Kf2 Nf4 32. Rd8+ Kh7 33. Nc4 Ne6 34. Rb8 b5 35. Ne5 Ne4+ 36. Ke3 Nd6 37. Rb6 Nf5+ 38. Ke4 Ne7 39. Nxf7 Nc5+ 40. Kd4 Na4 41. Rxa6 Nxb2 42. Kc5 Nd3+ 43. Kxb5 Nf4 44. Ra4 Nxg2 45. Rc4 Ne3 46. Rc5 Kg6 47. Ne5+ Kf6 48. Ng4+ Nxg4 49. hxg4 Ng6 50. Rc6+ Kg5 51. Rxg6+ Kxg6 52. a4 Kg5 53. a5 Kxg4 54. a6 g5 55. a7 h5 56. a8Q Kg3 57. Qh1 h4 58. Kc4 g4 59. Kd3 h3 60. Ke2 h2 61. Kf1 1-0

[Event "Graz op-B"]
[Site "Graz"]
[Date "2015.02.15"]
[Round "4"]
[White "Kapus, Florian"]
[Black "Frost, Peter"]
[Result "1-0"]
[WhiteElo "1929"]
[BlackElo "1851"]
[PlyCount "97"]
[EventDate "2015.02.13"]
[EventType "swiss"]
[EventRounds "9"]
[EventCountry "AUT"]
[SourceTitle "CBM 165 Extra"]
[Source "ChessBase"]
[SourceDate "2015.04.21"]
[SourceVersion "1"]
[SourceVersionDate "2015.04.21"]
[SourceQuality "1"]

1. d4 Nf6 2. Nf3 g6 3. g3 Bg7 4. Bg2 0-0 5. 0-0 d6 6. Nc3 Nbd7 7. e4 e5 8. dxe5 dxe5 9. Qe2 c6 10. Rd1 Qe7 11. h3 b5 12. a3 Nb6 13. b3 Bb7 14. Be3 Rfd8 15. Nd2 Qc7 16. b4 Bf8 17. Qf3 Ne8 18. h4 a5 19. Na2 Nd6 20. Bg5 Re8 21. c3 a4 22. Nc1 Ndc4 23. Nxc4 Nxc4 24. Bf1 h6 25. Bxc4 hxg5 26. Ba2 Kg7 27. hxg5 Qe7 28. Qg4 Rad8 29. Nd3 f6 30. gxf6+ Qxf6 31. Kg2 Bc8 32. Qf3 Be7 33. Qxf6+ Kxf6 34. f4 exf4 35. gxf4 Bg4 36. Rd2 c5 37. Bd5 c4 38. Ne5 Be6 39. Rad1 Bxd5 40. Rxd5 Rxd5 41. Rxd5 Rd8 42. Rxd8 Bxd8 43. Nc6 Bc7 44. e5+ Kf7 45. Nd4 Bb6 46. Nxb5 Be3 47. Kf3 Bc1 48. Nd6+ Ke6 49. Nxc4 1-0

[Event "Graz Land-ch"]
[Site "Graz"]
[Date "2014.09.14"]
[Round "7"]
[White "Schuetz, Christian"]
[Black "Kapus, Florian"]
[Result "1-0"]
[WhiteElo "1946"]
[BlackElo "1909"]
[PlyCount "119"]
[EventDate "2014.09.08"]
[EventType "swiss"]
[EventRounds "7"]
[EventCountry "AUT"]
[SourceTitle "CBM 162 Extra"]
[Source "ChessBase"]
[SourceDate "2014.10.17"]
[SourceVersion "1"]
[SourceVersionDate "2014.10.17"]
[SourceQuality "1"]

1. Nf3 Nf6 2. g3 d5 3. Bg2 Bg4 4. d3 Nbd7 5. 0-0 e5 6. h3 Bh5 7. g4 Bg6 8. Nh4 c6 9. Bg5 Qc7 10. Nd2 h6 11. Nxg6 fxg6 12. Bh4 Bd6 13. c4 g5 14. Bg3 h5 15. cxd5 Nxd5 16. Ne4 Be7 17. e3 h4 18. Bh2 0-0 19. Rc1 Qb6 20. Qc2 Rad8 21. Nd2 Bf6 22. Nc4 Qa6 23. a4 Kh8 24. Rfd1 Nb4 25. Qb3 c5 26. d4 exd4 27. exd4 Nc6 28. Bxc6 bxc6 29. Nd6 Bxd4 30. Rxd4 cxd4 31. Nf7+ Rxf7 32. Qxf7 c5 33. Qh5+ Qh6 34. Qxh6+ gxh6 35. Rc4 d3 36. Rc1 d2 37. Rd1 Nb6 38. b3 c4 39. Be5+ Kg8 40. a5 Rd5 41. axb6 Rxe5 42. bxa7 Re1+ 43. Kg2 Re8 44. bxc4 Ra8 45. Rxd2 Rxa7 46. c5 Rc7 47. Rc2 Kf7 48. Kf3 Ke6 49. Ke4 Ra7 50. Rc4 Rc7 51. f3 Rf7 52. Rd4 Rc7 53. Rd6+ Kf7 54. Kd5 Kg7 55. c6 Rc8 56. Rd7+ Kf8 57. Kd6 Ra8 58. c7 Ke8 59. Rh7 Ra6+ 60. Kc5 1-0

[Event "Graz Land-ch"]
[Site "Graz"]
[Date "2014.09.11"]
[Round "4"]
[White "Kapus, Florian"]
[Black "Almer, Gerald"]
[Result "0-1"]
[WhiteElo "1909"]
[BlackElo "2080"]
[PlyCount "98"]
[EventDate "2014.09.08"]
[EventType "swiss"]
[EventRounds "7"]
[EventCountry "AUT"]
[SourceTitle "CBM 162 Extra"]
[Source "ChessBase"]
[SourceDate "2014.10.17"]
[SourceVersion "1"]
[SourceVersionDate "2014.10.17"]
[SourceQuality "1"]

1. d4 Nf6 2. Nf3 e6 3. Bg5 b6 4. e4 h6 5. Bxf6 Qxf6 6. Nc3 Bb4 7. Qd2 Bb7 8. Bd3 c5 9. e5 Qe7 10. a3 Bxc3 11. Qxc3 Bxf3 12. gxf3 Nc6 13. dxc5 bxc5 14. Rg1 f6 15. Bg6+ Kf8 16. f4 f5 17. 0-0-0 Nd4 18. Qd3 Qh4 19. c3 Qxf4+ 20. Kb1 Qxe5 21. cxd4 cxd4 22. Qxd4 Qxd4 23. Rxd4 Ke7 24. Bh5 g5 25. Rc1 d5 26. b4 Kd6 27. b5 Rhc8 28. Rxc8 Rxc8 29. Kb2 e5 30. Ra4 Kc5 31. Rxa7 Kxb5 32. Re7 e4 33. Re5 Kc4 34. Bf7 Rc7 35. Rxf5 Rc5 36. Rxd5 Rxd5 37. Bxd5+ Kxd5 38. Kc3 h5 39. a4 h4 40. a5 g4 41. a6 e3 42. fxe3 Kc6 43. Kd3 g3 44. hxg3 h3 45. Ke4 h2 46. g4 h1Q+ 47. Kf4 Qh6+ 48. g5 Qe6 49. e4 Kb6 0-1

[Event "Graz op-B 20th"]
[Site "Graz"]
[Date "2013.09.01"]
[Round "9"]
[White "Kapus, Florian"]
[Black "Koeberl, Christian"]
[Result "1-0"]
[WhiteElo "1909"]
[BlackElo "1663"]
[PlyCount "61"]
[EventDate "2013.08.24"]
[EventType "swiss"]
[EventRounds "9"]
[EventCountry "AUT"]
[SourceTitle "EXT 2022"]
[Source "ChessBase"]
[SourceDate "2021.10.06"]
[SourceVersion "1"]
[SourceVersionDate "2021.10.06"]
[SourceQuality "1"]

1. d4 d5 2. c4 e6 3. cxd5 exd5 4. Nc3 Nf6 5. Bg5 Be7 6. Nf3 c6 7. e3 Bf5 8. Nh4 Be6 9. Bd3 h6 10. Bf4 g5 11. Bxb8 Rxb8 12. Nf5 Bxf5 13. Bxf5 Qb6 14. Qc2 a5 15. a3 Qc7 16. h4 gxh4 17. Rxh4 b5 18. Rh3 b4 19. Ne2 bxa3 20. bxa3 Nd7 21. e4 Nb6 22. exd5 Nxd5 23. Be4 Qd6 24. Ng3 Qe6 25. Nf5 Bf6 26. Kf1 Kf8 27. Re1 Qd7 28. Qc5+ Be7 29. Nxe7 Nxe7 30. Bxc6 Qc7 31. Rhe3 1-0

[Event "Graz op-B 20th"]
[Site "Graz"]
[Date "2013.08.30"]
[Round "7"]
[White "Amtmann, Franz"]
[Black "Kapus, Florian"]
[Result "0-1"]
[WhiteElo "1864"]
[BlackElo "1909"]
[PlyCount "110"]
[EventDate "2013.08.24"]
[EventType "swiss"]
[EventRounds "9"]
[EventCountry "AUT"]
[SourceTitle "EXT 2022"]
[Source "ChessBase"]
[SourceDate "2021.10.06"]
[SourceVersion "1"]
[SourceVersionDate "2021.10.06"]
[SourceQuality "1"]

1. e4 Nf6 2. Nc3 e5 3. Nf3 Nc6 4. Bc4 Nxe4 5. Bxf7+ Kxf7 6. Nxe4 d5 7. Neg5+ Kg8 8. c3 e4 9. Nxe4 Qe8 10. 0-0 Qxe4 11. d3 Qg6 12. Bf4 Bd6 13. Bg3 Bg4 14. Nh4 Qh5 15. f3 Bxg3 16. hxg3 Bd7 17. f4 Qxd1 18. Raxd1 Kf7 19. f5 Rae8 20. Rd2 Re3 21. Kf2 Rhe8 22. g4 d4 23. Nf3 dxc3 24. bxc3 R3e7 25. Rh1 Kg8 26. d4 Re4 27. Rh4 h6 28. d5 Ne5 29. d6 Nc4 30. Rd3 Nxd6 31. Nd4 Nxf5 32. Nxf5 Bxf5 33. Rd4 Rxd4 34. cxd4 Re4 35. Kg3 Rxg4+ 36. Rxg4 Bxg4 37. Kxg4 Kf7 38. Kf5 c6 39. Ke5 Kg6 40. Ke6 Kg5 41. Kd6 Kf4 42. Kc7 Ke4 43. Kxb7 Kd5 44. a4 a5 45. Kb6 Kxd4 46. Kxa5 c5 47. Kb6 c4 48. a5 c3 49. a6 c2 50. a7 c1Q 51. a8Q Qc5+ 52. Kb7 Qd5+ 53. Kb8 Qxa8+ 54. Kxa8 h5 55. Kb7 Ke3 0-1

[Event "Graz-ch"]
[Site "Graz"]
[Date "2013.01.18"]
[Round "3"]
[White "Kapus, Florian"]
[Black "Matosec, Thomas"]
[Result "1/2-1/2"]
[WhiteElo "1891"]
[BlackElo "2072"]
[PlyCount "135"]
[EventDate "2013.01.12"]
[EventType "swiss"]
[EventRounds "7"]
[EventCountry "AUT"]
[SourceTitle "CBM 152 Extra"]
[Source "ChessBase"]
[SourceDate "2013.02.25"]
[SourceVersion "1"]
[SourceVersionDate "2013.02.25"]
[SourceQuality "1"]

1. d4 d6 2. c4 e5 3. dxe5 dxe5 4. Qxd8+ Kxd8 5. Nc3 Be6 6. b3 c6 7. Nf3 f6 8. g3 Nd7 9. Bg2 h5 10. h4 Nh6 11. 0-0 Kc7 12. Rd1 Ng4 13. Ne4 Nc5 14. Nh2 Bf5 15. Nxg4 Bxe4 16. Ne3 Bxg2 17. Kxg2 Ne6 18. Bb2 Bc5 19. Nc2 a5 20. a3 Rhd8 21. e3 Be7 22. Bc3 Nc5 23. Rxd8 Kxd8 24. b4 Na4 25. Be1 Nb2 26. c5 axb4 27. axb4 Rxa1 28. Nxa1 Nd3 29. Bc3 Kc7 30. Kf3 f5 31. e4 fxe4+ 32. Kxe4 Nxf2+ 33. Kf5 Bf6 34. Bxe5+ Bxe5 35. Kxe5 Nd3+ 36. Kf5 Nxb4 37. Kg6 Nd3 38. Nb3 Nxc5 39. Nxc5 b5 40. Kf5 Kd6 41. Nb3 Kd5 42. Kf4 c5 43. Ke3 Kc4 44. Nd2+ Kc3 45. Ne4+ Kb4 46. Kd3 c4+ 47. Kc2 Ka3 48. Kc3 b4+ 49. Kxc4 b3 50. Kc3 Ka2 51. Nd2 b2 52. Kc2 Ka1 53. Kd3 Ka2 54. Ke4 Ka3 55. Ke3 Kb4 56. Kd3 Kc5 57. Ke4 Kb4 58. Kd4 Kb5 59. Kc3 Kc5 60. Kxb2 Kd4 61. Kc2 Ke3 62. Kc3 g6 63. Nc4+ Kf3 64. Ne5+ Kxg3 65. Nxg6 Kg4 66. Kd4 Kf5 67. Ne7+ Kg4 68. Ng6 1/2-1/2

[Event "Graz op-B 18th"]
[Site "Graz"]
[Date "2011.08.28"]
[Round "2"]
[White "Hapke, Ralf"]
[Black "Kapus, Florian"]
[Result "1-0"]
[WhiteElo "1951"]
[BlackElo "1717"]
[PlyCount "67"]
[EventDate "2011.08.27"]
[EventType "swiss"]
[EventRounds "9"]
[EventCountry "AUT"]
[SourceTitle "EXT 2022"]
[Source "ChessBase"]
[SourceDate "2021.10.06"]
[SourceVersion "1"]
[SourceVersionDate "2021.10.06"]
[SourceQuality "1"]

1. Nc3 Nf6 2. e4 e5 3. f4 d5 4. fxe5 Nxe4 5. Nf3 Nxc3 6. dxc3 Nc6 7. Bf4 Bc5 8. Bd3 Bg4 9. h3 Bh5 10. g4 Bg6 11. Bb5 0-0 12. Qe2 Be4 13. 0-0-0 Qe7 14. Rhe1 f6 15. e6 Bxf3 16. Qxf3 Ne5 17. Qg3 c6 18. Bf1 Bd6 19. g5 Kh8 20. gxf6 gxf6 21. c4 Qxe6 22. cxd5 cxd5 23. Qb3 Nd3+ 24. Bxd3 Bxf4+ 25. Kb1 Qb6 26. Qxb6 axb6 27. Re7 Rab8 28. Rxh7+ Kg8 29. Rg1+ Bg5 30. h4 f5 31. Rd7 Rfe8 32. Rxg5+ Kf8 33. Rxf5+ Kg8 34. b3 1-0